000 00783nam a22002777a 4500
001 BR2020000858
003 BR-BrBNA
005 20230928105603.0
007 ta
008 230509b bl.||||| |||| 00| 0 por d
040 _aBR-BrBNA
_bpor
_cBiblioteca Nacional de Agricultura
041 _a(Por)
072 _aQ02
090 _ Q02 BR2020000858 OBR
100 1 _aToledo, J.B. de
245 1 _aA fermentação alcoolica. Applicação industrial dos levedos puros e seleccionados
260 3 _aBruxelas (Belgium):
_bO. Mayolez et J. Audiarte,
_c1901.
300 _a329 p.
500 _aOBRA RARA
650 _aFERMENTAÇÃO ALCÓOLICA
650 _aINDUSTRIALIZAÇÃO
650 _aLEVEDO
650 _aFERMENTO
909 _a202309
_bLucia
_c55
_dLucia Elande
942 _cBK
999 _c85766
_d85766